| 000 | 01414nam a2200361 a 4500 | ||
|---|---|---|---|
| 001 | ebr10218177 | ||
| 003 | CaPaEBR | ||
| 006 | m u | ||
| 007 | cr cn||||||||| | ||
| 008 | 050711s2005 enka sb 001 0 eng | ||
| 010 | _z 2004099522 | ||
| 015 |
_aGBA504412 _2bnb |
||
| 016 | 7 |
_z013085606 _2Uk |
|
| 020 | _z0803977565 (cased) | ||
| 020 | _z0803977573 (pbk.) | ||
| 040 |
_aCaPaEBR _cCaPaEBR |
||
| 035 | _a(OCoLC)290532603 | ||
| 050 | 1 | 4 |
_aBF378.S65 _bM53 2005eb |
| 082 | 0 | 4 |
_a153 _222 |
| 100 | 1 |
_aMiddleton, David _q(David J.) |
|
| 245 | 1 | 4 |
_aThe social psychology of experience _h[electronic resource] : _bstudies in remembering and forgetting / _cDavid Middleton and Steven D. Brown. |
| 260 |
_aLondon ; _aThousand Oaks, Calif. : _bSAGE, _c2005. |
||
| 300 |
_axi, 252 p. : _bill. |
||
| 504 | _aIncludes bibliographical references (p. [234]-244) and index. | ||
| 533 |
_aElectronic reproduction. _bPalo Alto, Calif. : _cebrary, _d2013. _nAvailable via World Wide Web. _nAccess may be limited to ebrary affiliated libraries. |
||
| 650 | 0 |
_aMemory _xSocial aspects. |
|
| 650 | 0 | _aSocial psychology. | |
| 650 | 0 |
_aExperience _xPsychological aspects. |
|
| 655 | 7 |
_aElectronic books. _2local |
|
| 700 | 1 |
_aBrown, Steven D., _cDr. |
|
| 710 | 2 | _aebrary, Inc. | |
| 856 | 4 | 0 |
_uhttp://site.ebrary.com/lib/rucke/Doc?id=10218177 _zAn electronic book accessible through the World Wide Web; click to view |
| 999 |
_c129644 _d129644 |
||